Optical fiber communications (Record no. 188755)

000 -LEADER
fixed length control field 00400nam a2200145Ia 4500
008 - FIXED-LENGTH DATA ELEMENTS--GENERAL INFORMATION
fixed length control field 220217s9999||||xx |||||||||||||| ||und||
020 ## - INTERNATIONAL STANDARD BOOK NUMBER
International Standard Book Number 9781259006876
082 ## - DEWEY DECIMAL CLASSIFICATION NUMBER
Classification number 621.38275
100 ## - MAIN ENTRY--PERSONAL NAME
Personal name Keiser, Gerd
245 #0 - TITLE STATEMENT
Title Optical fiber communications
250 ## - EDITION STATEMENT
Edition statement 5
260 ## - PUBLICATION, DISTRIBUTION, ETC.
Place of publication, distribution, etc. Mcgraw hill book company
Name of publisher, distributor, etc. New Delhi
Date of publication, distribution, etc. 2015
300 ## - PHYSICAL DESCRIPTION
Extent XXII, 662p.
Other physical details 799
650 ## - SUBJECT ADDED ENTRY--TOPICAL TERM
Topical term or geographic name entry element Optical fiber communications
Holdings
Withdrawn status Lost status Damaged status Not for loan Collection code Home library Current library Shelving location Date acquired Total Checkouts Full call number Barcode Date last seen Date last checked out Price effective from Koha item type
        Electronics and Communication Engineering Central Library Central Library Reference 02/18/2022 1 621.38275 23944 06/13/2022 05/30/2022 02/18/2022 Books

Powered by Koha